| 000 | 00778nam a2200241Ia 4500 | ||
|---|---|---|---|
| 003 | OSt | ||
| 005 | 20220912151501.0 | ||
| 006 | a|||||r|||| 00| 0 | ||
| 007 | ta | ||
| 008 | 220909b |||||||| |||| 00| 0 eng d | ||
| 024 | _a6325 | ||
| 037 | _cTextual | ||
| 040 |
_aCSL _beng _cCSL |
||
| 041 | _aeng | ||
| 082 | _aG11, M0 | ||
| 100 | _aNover Lutz^eand REFs Ed | ||
| 245 | 0 | _aCell compartmentation and metabolic channeling: a Leopoldina sysmposium on the structural and functional organization of cells as a prerequisite of life | |
| 260 |
_aAmsterdam _bEsevier/North-Holland Biomedical Press _c1980 |
||
| 300 | _a523p | ||
| 500 | _aIncludes bibliography references | ||
| 942 |
_hG11, M0 _cTEXL _2CC |
||
| 999 |
_c69597 _d69597 |
||